| 000 | 00956nam a2200253 a 4500 | ||
|---|---|---|---|
| 008 | 060316s2002 ||||||||||||||||| || u | ||
| 020 | _a0521792509 | ||
| 050 | _aQR 201.B34 Wil | ||
| 100 | _aMcNab, Rod | ||
| 245 | 1 | 0 | _aBacterial disease mechanisms: an introduction to cellular microbiology |
| 260 |
_aCambridge: _bCambridge University Press _c2002 |
||
| 300 | _axxix, 656 p. : ill. | ||
| 350 | _a0.00 | ||
| 650 | 0 | _aBIOLOGY | |
| 650 | _aBACTERIAL--PATHENOGENICITY | ||
| 650 | _aMICROBIOLIOGY | ||
| 650 | _aPATHOGENIC BACTERIA | ||
| 650 | _aBACTERIAL DISEASES | ||
| 700 | _aWilson, Michael | ||
| 700 | _aHenderson, Brian | ||
| 856 | _uhttp://www.loc.gov/catdir/description/cam031/2002510776.html | ||
| 856 | _uhttp://www.loc.gov/catdir/toc/cam031/2002510776.html | ||
| 995 |
_D0.00 _FCBU-MAIN LIBRARY (Kitwe) _H1 _I0.00 _M1 _UAVAILABLE _WJun 27, 2006 _ZMain Library Open Access Collection |
||
| 999 |
_c35382 _d35382 |
||